000 00481nam a2200193Ia 4500
008 230125s9999 xx 000 0 und d
020 _a1-25-909738-2
041 _aeng
082 _a658.403
_bJAG/KEL
100 _aJaggia S
_9108160
245 _aBusiness Statistics
260 _c2013
_bTata McGraw Hill
_aNew Delhi
300 _a714p
500 _aStatistics
650 _aStatistics
700 _aJaggia S & Kelly A
_9108161
906 _b120
999 _c84980
_d84980